000 00704nam a2200289Ia 4500
005 20260324144639.0
008 008 260324s9999 xx 000 0 eng d
020 _a9781315538013
037 _aEBOOK
040 _aCRL
040 _beng
040 _cCRL
041 _2eng
041 _aeng
084 _qCRL
100 _aRonald Schleifer
_91162970
245 0 _aA. J. Greimas and the Nature of Meaning
245 0 _bLinguistics, Semiotics and Discourse Theory
260 _bTaylor and Francis
260 _c1987
365 _a
365 _b230
856 _uhttp://www.taylorfrancis.com/books/9781315538013
942 _cEBOOK
999 _c1826967
_d1826967